[Event "FIDE Chesscom Grand Swiss 2019"]
[Site "Douglas-Isle of Man"]
[Date "2019.10.21"]
[Round "11.21"]
[White "Lenderman, Aleksandr"]
[Black "Hansen, Eric"]
[Result "1/2-1/2"]
[WhiteElo "2648"]
[BlackElo "2611"]
[Annotator "TA"]
[PlyCount "80"]
[EventDate "2019.10.10"]
[EventType "swiss"]
[EventCountry "GBR"]
[SourceTitle "playchess.com"]
[Source "ChessBase"]
[SourceQuality "1"]

{[%evp 11,80,4,10,16,22,18,29,20,45,49,49,49,63,16,12,5,12,0,9,9,15,12,9,13,15,0,25,20,22,18,35,21,27,0,0,0,0,0,1,0,0,0,103,77,106,114,118,31,25,-20,-28,-32,0,0,0,0,0,0,0,0,0,0,0,0,0,0,0,0,0,0,0]} 1. e4 c5 2. Nf3 d6 3. Bb5+ Nd7 4. d4 cxd4 5. Qxd4 a6 6. Bxd7+ Bxd7 7. c4 {B51: Sicilian: Moscow Variation (3 Bb5+) without 3...Bd7} (7. Bg5 h6 8. Bh4 Qa5+ 9. Nc3 e5 10. Qd3 g5 11. Bg3 Nf6 12. h4 g4 13. Nd2 Rc8 14. h5 Be6 {0-1 (23) Duda,J (2729)-Vachier Lagrave,M (2775) Paris 2019}) 7... e5 8. Qd3 b5 9. Nc3 {White has an edge.} Qb8 10. b3 h6 11. O-O Nf6 12. Rd1 $146 ({Predecessor:} 12. Be3 Be7 13. Rac1 bxc4 14. bxc4 O-O {1-0 (39) Carlsson,P (2463)-Bindrich,F (2606) St Petersburg 2018}) 12... Be7 13. Nd2 Qb7 14. f3 O-O 15. Nf1 b4 16. Ne2 a5 17. Neg3 Rfd8 18. Be3 Bf8 19. Bf2 Be6 20. Ne3 g6 21. Qd2 Nd7 22. Nef5 gxf5 23. exf5 {[#]} Bxc4 $1 {[%mdl 512]} 24. bxc4 {next Ne4 is good for White.} Nf6 $1 25. Qe2 Rac8 26. Ne4 Nxe4 (26... Be7 $1 $11) 27. fxe4 $16 f6 28. Rd5 Qa6 29. Rb5 ({Better is} 29. Rc1 $16) 29... Qc6 $1 $14 30. c5 dxc5 31. Qc4+ $1 Kh8 32. Rxa5 {Threatening Ra6.The position is equal.} Ra8 33. Rxa8 Rxa8 34. Rc1 Qa6 35. Qxa6 $1 (35. Bxc5 $2 Qxc4 36. Rxc4 Rc8 $19) 35... Rxa6 36. Bxc5 Bxc5+ 37. Rxc5 Rxa2 $11 {[#] White must now prevent ...b3. KR-KR} 38. Rb5 Rb2 39. Rb8+ Kg7 40. Rb7+ Kg8 {Accuracy: White = 61%, Black = 67%.} 1/2-1/2

[Event "FIDE Chesscom Grand Swiss 2019"]
[Site "Douglas-Isle of Man"]
[Date "2019.10.21"]
[Round "11.22"]
[White "Zvjaginsev, Vadim"]
[Black "Nihal Sarin"]
[Result "1-0"]
[WhiteElo "2644"]
[BlackElo "2610"]
[Annotator "TA"]
[PlyCount "121"]
[EventDate "2019.10.10"]
[EventType "swiss"]
[EventCountry "GBR"]
[SourceTitle "playchess.com"]
[Source "ChessBase"]
[SourceQuality "1"]

{[%evp 10,121,-2,-4,3,-11,-14,-9,0,-18,-23,-31,-28,-29,-22,-34,-20,-57,-50,-54,-54,-49,-42,-41,-40,-24,-8,-16,-4,-14,-23,-17,-21,-14,0,-8,0,-7,0,0,0,0,0,0,0,0,0,0,0,0,0,0,8,0,3,4,23,25,58,25,25,19,23,15,15,22,17,27,27,30,22,22,34,17,74,77,264,270,363,356,277,269,341,246,246,239,237,237,230,213,768,768,685,592,768,768,768,768,761,248,757,737,747,632,667,592,747,732,707,691,655,653,610,610]} 1. e4 e5 2. Nf3 Nc6 3. g3 Nf6 4. d3 d5 5. exd5 Nxd5 6. Bg2 Bd6 {C44: Ponziani Opening and Scotch Gambit} (6... Bg4 {feels hotter.} 7. h3 Be6 8. Qe2 Bd6 9. Ng5 Bf5) 7. Nc3 (7. O-O {keeps more tension.} O-O 8. Nbd2 Nb6 9. Re1 a5 10. Ne4) 7... Nxc3 8. bxc3 O-O {The position is equal.} 9. Nd2 $146 ({Predecessor:} 9. O-O Bg4 10. h3 Bh5 11. Rb1 Rb8 12. g4 Bg6 13. Ng5 Be7 14. Ne4 Qd7 15. Ng3 Bc5 16. Be3 Bb6 17. Re1 Kh8 18. Qf3 f6 19. a4 Ba5 {1-0 (61) Maze,S (2627)-Feller,S (2602) Agen 2016}) 9... Be6 10. O-O Qd7 11. Ne4 Be7 12. Be3 b6 13. Re1 f5 14. Ng5 Bd5 {aiming for ...Bxg2.} 15. Nf3 f4 16. Bd2 fxg3 17. fxg3 Bc5+ 18. Be3 Qd6 19. Ng5 Bxe3+ 20. Rxe3 Bxg2 21. Kxg2 Rf5 22. Ne4 Qg6 23. Rf3 Raf8 24. Rxf5 Qxf5 25. Qe2 h6 26. Nd2 Qf7 27. a4 Qd5+ 28. Qe4 Qxe4+ 29. Nxe4 $11 {[%mdl 4096] Endgame KRN-KRN} Rd8 30. Kf2 Kf7 31. Ke2 Ke6 32. Rf1 a5 33. c4 Ne7 34. c3 Ng8 35. c5 Nf6 36. Nxf6 gxf6 37. cxb6 cxb6 {KR-KR} 38. Rb1 Rd6 39. g4 Rc6 40. c4 Rd6 41. Ke3 h5 (41... Kd7 $11 {keeps the balance.}) 42. gxh5 $16 f5 $2 (42... Kf5 $16 {might work better.}) 43. Rg1 $18 {Threatens to win with Rg6+.} Rd4 44. Rg6+ Kf7 45. Rxb6 Rh4 46. h6 Rh3+ 47. Kd2 Rxh2+ 48. Kc3 f4 {[#]} 49. h7 $1 {[%mdl 512]} f3 $2 (49... Kg7 50. Re6 Rh5) (49... Rxh7 50. Rb7+) 50. Rb2 Rh3 51. Rf2 Ke6 {[#]} 52. Rxf3 $1 {[%mdl 512]} Rxh7 (52... Rxf3 53. h8=Q) 53. Rf8 Rh3 54. Ra8 Kd7 $2 (54... Kd6 55. Ra6+ (55. Rxa5 e4 $18) 55... Kc7) 55. Kd2 {White is clearly winning.} Rh4 56. Ke3 Kc6 57. Ra6+ Kb7 58. Rxa5 Rh3+ 59. Ke4 Rh4+ 60. Kf5 Rh5+ 61. Kg4 {Accuracy: White = 73%, Black = 46%.} 1-0

[Event "FIDE Chesscom Grand Swiss 2019"]
[Site "Douglas-Isle of Man"]
[Date "2019.10.21"]
[Round "11.22"]
[White "Moiseenko, Alexander"]
[Black "Sargissian, Gabriel"]
[Result "1/2-1/2"]
[WhiteElo "2635"]
[BlackElo "2690"]
[Annotator "TA"]
[PlyCount "77"]
[EventDate "2019.10.10"]
[EventType "swiss"]
[EventCountry "GBR"]
[SourceTitle "playchess.com"]
[Source "ChessBase"]
[SourceQuality "1"]

{[%evp 12,77,10,0,26,16,8,10,23,25,50,42,62,48,48,50,45,47,43,23,25,30,11,0,0,0,0,0,0,-25,-25,-25,-25,-25,-25,-25,-25,-25,-20,-25,-25,-25,-25,-25,-25,-25,0,0,0,0,0,0,0,0,0,0,0,0,0,0,0,0,0,0,0,0,0,0]} 1. d4 d5 2. c4 e6 3. Nf3 Nf6 4. Nc3 Be7 5. g3 O-O 6. Bg2 Nbd7 7. Qd3 Nb6 {E06: Closed Catalan: Early deviations} 8. c5 Nbd7 9. Bf4 $146 ({Predecessor:} 9. O-O c6 10. b4 b6 11. Bf4 a5 12. a3 Ba6 13. Qc2 Nh5 14. Bd2 Nhf6 15. Bf4 {1-0 (49) Kramnik,V (2760)-Topalov,V (2772) Tromsoe 2014}) 9... c6 10. O-O Nh5 11. Bd2 f5 12. b4 Bf6 13. b5 Kh8 14. Rab1 e5 15. bxc6 bxc6 16. Qxf5 exd4 17. Nxd5 g6 18. Nxf6 gxf5 19. Nxh5 Nxc5 {Strongly threatening ...Ne4.} 20. Bb4 Ne6 {[#] aiming for ...c5.} 21. Bxf8 Qxf8 22. Rfd1 Ba6 23. Nxd4 Nxd4 24. Rxd4 Rd8 25. Rxd8 Qxd8 26. Bxc6 Bxe2 27. Nf4 Bc4 28. a4 $1 a6 29. h4 {The position is equal.} Qd6 30. Bg2 Qa3 31. Rb8+ Kg7 32. Rb7+ Kg8 33. Rb8+ Kg7 34. Rb7+ Kg8 35. Rc7 Bf7 36. Rc8+ Kg7 37. Rc7 {[#] Hoping for Bd5.} Kg8 38. Rc8+ Kg7 39. Rc7 {Accuracy: White = 91%, Black = 66%.} 1/2-1/2

[Event "FIDE Chesscom Grand Swiss 2019"]
[Site "Douglas-Isle of Man"]
[Date "2019.10.21"]
[Round "11.23"]
[White "Lupulescu, Constantin"]
[Black "Ragger, Markus"]
[Result "1-0"]
[WhiteElo "2643"]
[BlackElo "2684"]
[Annotator "TA"]
[PlyCount "51"]
[EventDate "2019.10.10"]
[EventType "swiss"]
[EventCountry "GBR"]
[SourceTitle "playchess.com"]
[Source "ChessBase"]
[SourceQuality "1"]

{[%evp 9,51,24,18,18,13,9,18,14,31,10,9,16,12,13,10,8,0,2,15,10,27,7,48,7,22,0,-7,-20,65,44,119,92,503,493,479,470,441,385,29989,2622,29992,29993,29993,29994]} 1. d4 Nf6 2. Nf3 d5 3. c4 e6 4. e3 a6 5. b3 c5 6. Bb2 {D30: Queen's Gambit Declined: Systems without Nc3} cxd4 7. exd4 Nc6 (7... b6 8. Bd3 Bb7 9. O-O Be7 10. Nbd2 O-O 11. Qe2 Nc6 12. Rac1 Re8 {½-½ (39) Radjabov,T (2758)-Sjugirov,S (2662) Khanty-Mansiysk 2019}) 8. Nbd2 {The position is equal.} g6 9. Bd3 Bg7 10. O-O O-O 11. Ne5 Nd7 $146 {[%cal Rc6e5]} ({Predecessor:} 11... Bd7 12. Ndf3 Rc8 {0-1 (47) Hracek,Z (2592)-Ragger,M (2657) Katowice 2017}) 12. Qe2 Qb6 13. Ndf3 Ndxe5 14. dxe5 Bd7 15. Rad1 Ne7 16. h4 Bc6 17. h5 dxc4 18. Bxc4 Rfd8 (18... Bxf3 $11 19. Qxf3 Nc6) 19. Ng5 $1 $14 Rxd1 (19... Be8 $14) 20. Rxd1 $16 Rd8 $2 {[%mdl 8192]} (20... Bh6 $16) 21. Rd6 $18 Nf5 {[#]} 22. Nxf7 $1 {[%mdl 512]} Nxd6 (22... Kxf7 23. Rxe6) 23. exd6 Re8 $2 (23... Bxb2 $18 24. Bxe6 Bf6 25. Nxd8+ Kf8) 24. Bxg7 (24. Nh6+ $142 Kf8 25. hxg6 Qd8 26. d7 Bxb2 27. Qxb2 hxg6 28. Qh8+ Ke7 29. Qg7+ Kd6 30. Nf7+ Kxd7 31. Nxd8+ Kxd8 32. Qxg6) 24... Kxg7 25. Qe5+ Kxf7 26. h6 {Accuracy: White = 62%, Black = 34%.} 1-0

[Event "FIDE Chesscom Grand Swiss 2019"]
[Site "Douglas-Isle of Man"]
[Date "2019.10.21"]
[Round "11.23"]
[White "Piorun, Kacper"]
[Black "Keymer, Vincent"]
[Result "1-0"]
[WhiteElo "2643"]
[BlackElo "2506"]
[Annotator "RC"]
[PlyCount "89"]
[EventDate "2019.10.10"]
[EventType "swiss"]
[EventCountry "GBR"]
[SourceTitle "playchess.com"]
[Source "ChessBase"]
[SourceQuality "1"]
[TimeControl "40/6000+30:20/3000+30:900+30"]

1. e4 {[%emt 0:00:00]} c5 {[%emt 0:00:00]} 2. Nf3 {[%emt 0:00:00]} e6 {[%emt 0:00:00]} 3. d4 {[%emt 0:00:42]} cxd4 {[%emt 0:00:00]} 4. Nxd4 {[%emt 0:00:04]} a6 {[%emt 0:00:00]} 5. Bd3 {[%emt 0:00:22]} Bc5 {[%emt 0:00:00]} 6. Nb3 {[%emt 0:00:04]} Ba7 {[%emt 0:00:00]} 7. O-O {[%emt 0:00:42]} Ne7 {[%emt 0:00:09]} 8. Qe2 {[%emt 0:01:00]} Nbc6 {[%emt 0:02:44]} 9. Be3 {[%emt 0:01:42]} O-O {[%emt 0:06:01]} 10. Rd1 {[%emt 0:05:07]} d6 {[%emt 0:06:56]} 11. c4 {[%emt 0:00:27]} e5 {[%emt 0:06:21]} 12. Bxa7 {[%emt 0:00:20]} Rxa7 {[%emt 0:00:23]} 13. Qe3 {[%emt 0:07:44]} Ra8 {[%emt 0:14:54]} 14. Nc3 {[%emt 0:00:18]} Be6 {[%emt 0:00:18]} 15. Bf1 {[%emt 0:03:09]} Qb8 {[%emt 0:22:15]} 16. Rd2 {[%emt 0:15:33]} a5 {[%emt 0:10:48]} 17. Rad1 {[%emt 0:08:00]} a4 {[%emt 0:00:37]} 18. Na1 {[%emt 0:01:00]} Nd4 {[%emt 0:09:01]} 19. Nc2 {[%emt 0:01:17]} Nec6 {[%emt 0:01:13]} 20. Nb5 {[%emt 0:01:26]} Nxb5 {[%emt 0:03:10]} 21. cxb5 {[%emt 0:00:13]} Na5 {[%emt 0:01:18]} 22. Qa3 {[%emt 0:02:54]} Qc7 {[%emt 0:01:14]} 23. Nb4 {[%emt 0:08:45]} Rfc8 {[%emt 0:06:41]} 24. Rc2 {[%emt 0:05:47]} Qd8 {[%emt 0:01:28]} 25. Rxc8 {[%emt 0:00:39]} Rxc8 {[%emt 0:04:12]} 26. Qxa4 {[%emt 0:02:08]} Nc4 {[%emt 0:00:18]} 27. Nd3 {[%emt 0:18:09]} f6 {[%emt 0:05:37]} 28. Qb4 {[%emt 0:01:21]} Kf7 {[%emt 0:05:46]} 29. b3 {[%emt 0:03:52]} Nb6 {[%emt 0:00:03]} 30. f4 {[%emt 0:02:05]} Bg4 {[%emt 0:00:16]} 31. Rd2 {[%emt 0:00:37]} Qc7 {[%emt 0:00:57]} 32. f5 {[%emt 0:01:30]} Ke7 {[%emt 0:00:30]} 33. a4 {[%emt 0:02:42]} Bh5 {[%emt 0:00:49]} 34. Nb2 {[%emt 0:05:22]} Bf7 {[%emt 0:01:14]} 35. a5 {[%emt 0:00:55]} Nd7 {[%emt 0:00:02]} 36. Na4 {[%emt 0:01:40]} Nc5 {[%emt 0:00:54]} 37. Nb6 {[%emt 0:01:17]} Rd8 {[%emt 0:00:27]} 38. Nd5+ {[%emt 0:05:31]} Bxd5 {[%emt 0:00:01]} 39. Rxd5 {[%emt 0:00:05]} g6 {[%emt 0:01:06]} 40. Qc4 {[%emt 0:02:37]} Rc8 {[%emt 0:00:48]} 41. Rd1 {[%emt 0:51:47]} Qd7 {[%emt 0:02:55]} 42. Qd5 {[%emt 0:00:00]} gxf5 {[%emt 0:01:06]} 43. exf5 {[%emt 0:00:00]} Qxf5 {[%emt 0:01:18]} 44. Bc4 {[%emt 0:00:00]} Qe6 {[%emt 0:01:11]} 45. Qd2 {[%emt 0:00:00]} 1-0

[Event "FIDE Chesscom Grand Swiss 2019"]
[Site "Douglas-Isle of Man"]
[Date "2019.10.21"]
[Round "11.24"]
[White "McShane, Luke J"]
[Black "Kuzubov, Yuriy"]
[Result "0-1"]
[WhiteElo "2682"]
[BlackElo "2636"]
[Annotator "TA"]
[PlyCount "107"]
[EventDate "2019.10.10"]
[EventType "swiss"]
[EventCountry "GBR"]
[SourceTitle "playchess.com"]
[Source "ChessBase"]
[SourceQuality "1"]

{[%evp 14,107,22,0,0,0,0,-14,0,-8,0,-1,-27,-25,0,-22,0,0,0,0,0,0,11,0,33,0,41,12,13,22,22,10,20,17,22,6,18,22,28,14,11,15,12,0,0,-6,0,0,0,0,0,0,0,0,0,0,0,0,0,0,0,-14,-18,-11,-9,-25,-26,-25,0,-17,0,-268,-58,-380,-373,-339,-401,-400,-397,-395,-395,-591,-590,-644,-629,-571,-554,-838,-838,-994,-970,-29980,-29981,-29986,-29987,-29988]} 1. e4 c6 2. Nf3 d5 3. Nc3 Bg4 4. h3 Bxf3 5. Qxf3 Nf6 6. d3 e6 7. a3 Nbd7 8. g3 Qa5 {...d4 is the strong threat. B11: Caro-Kann: Two Knights Variation} 9. Bd2 {With the idea Nxd5.} Qb6 10. Ra2 Be7 {The position is equal.} 11. Bg2 O-O 12. O-O a5 13. Qe2 $146 ({Predecessor:} 13. Kh2 a4 14. Qe2 dxe4 15. dxe4 {1-0 (68) McShane,L (2682)-Yuffa,D (2577) Khanty-Mansiysk 2019}) 13... dxe4 14. dxe4 e5 15. Nd1 {[%cal Bc3d1,Bd1e3,Be3c4][%mdl 32]} Nc5 16. Ne3 Rfe8 17. Nc4 Qc7 $1 18. a4 Bf8 19. b3 Nfd7 20. Rb1 Ne6 21. Qe1 {[%cal Rd2a5]} b6 $1 22. Qf1 Bb4 23. c3 Bf8 24. h4 Nf6 25. Rba1 h6 26. Qc1 Red8 27. Qc2 Rab8 28. Be1 Nc5 29. Nb2 Qc8 30. b4 axb4 31. cxb4 Ne6 32. Nc4 Nd4 33. Qc3 Qe6 34. Ne3 Ra8 35. Qc4 Qd7 36. Qf1 b5 37. axb5 Rxa2 38. Rxa2 cxb5 39. Bd2 Qe6 $36 {[%mdl 2048] White is under pressure.} 40. Qb1 Rc8 41. Ra3 h5 42. Qd1 $2 {[%mdl 8192] [#]} (42. Qd3 $11 {and White is okay.}) 42... g6 $2 ({Better is} 42... Bxb4 $1 $19 {[%mdl 512]} 43. Bxb4 Rc1 {[%mdl 64] Deflection, Decoy} 44. Qxc1 (44. Ra8+ $2 Kh7 $19) 44... Ne2+ {[%mdl 64] Double Attack} 45. Kh1 Nxc1) 43. Bc3 $2 {[%mdl 8192] [#]} (43. Kh1 $15) 43... Bxb4 $1 $19 {[%mdl 512]} 44. Bxb4 {[#] Black must now prevent Rc3.} Rc1 $1 {[%cal Rc1d1][%mdl 64] Deflection, Decoy} 45. Qxc1 ({Don't play} 45. Ra8+ Kh7 $19) 45... Ne2+ {[%mdl 64] Double Attack} 46. Kh2 Nxc1 47. Bh3 (47. Bf3 {was the only defense.}) 47... Qb6 48. Rc3 Ne2 49. Rc8+ Kh7 50. Bc5 Qa5 51. Nd5 Nxe4 {And now ...Qe1 would win.} 52. Rc7 Qe1 {[%csl Ge2][%cal Re1g1]} 53. Rxf7+ {[#]} Kg8 $1 {[%csl Ge2][%cal Re1g1]} 54. Rf8+ {Accuracy: White = 38%, Black = 58%.} 0-1

[Event "FIDE Chesscom Grand Swiss 2019"]
[Site "Douglas-Isle of Man"]
[Date "2019.10.21"]
[Round "11.24"]
[White "Adly, Ahmed"]
[Black "Saduakassova, Dinara"]
[Result "0-1"]
[WhiteElo "2636"]
[BlackElo "2481"]
[Annotator "TA"]
[PlyCount "122"]
[EventDate "2019.10.10"]
[EventType "swiss"]
[EventCountry "GBR"]
[SourceTitle "playchess.com"]
[Source "ChessBase"]
[SourceQuality "1"]

{[%evp 9,122,3,3,-2,5,0,10,10,22,-62,-16,-13,-19,-31,-28,-108,-106,-137,-147,-133,-131,-263,-187,-383,-367,-360,-263,-309,-302,-294,-301,-290,-286,-419,-456,-668,-666,-653,-621,-1136,-1123,-1001,-1010,-847,-829,-5210,-745,-947,-891,-871,-869,-815,-768,-1180,-1180,-1127,-664,-576,0,-1111,-1004,-12827,-12827,-12828,-12829,-12829,-12830,-12829,-12831,-12829,-12831,-12832,-12832,-12837,-12838,-12838,-12837,-12837,0,-12838,-12836,-12837,-12837,-12837,-12835,-12841,-12837,-12843,-12843,-12844,-12844,-12845,-12845,-12845,-12846,-12846,-12847,-12847,-12847,-12848,-12848,-12849,-12847,-12848,-12847,-12847,-12847,-12848,-12848,-12850,-27999,-12851,-27999,-27998,-27999]} 1. c4 Nf6 2. Nc3 e6 3. Nf3 Bb4 4. Qc2 O-O 5. b3 d6 6. e3 {A17: English Opening: 1...Nf6 with ...Bb4} e5 $146 ({Predecessor:} 6... c5 7. Bb2 Nc6 8. Be2 Re8 9. O-O {½-½ (9) Cvetkovic,S (2237)-Certic,B (2352) Belgrade 2019}) 7. Bb2 Bxc3 8. Bxc3 {The position is equal.} c5 9. O-O-O ({White should try} 9. Be2 $11) 9... Nc6 10. d4 exd4 11. exd4 Nb4 12. Bxb4 (12. Qb2 $11 {keeps the balance.} Qa5 13. Bxb4 cxb4 14. Bd3) 12... cxb4 $17 13. h3 a5 14. Bd3 a4 15. g4 (15. Kd2 $17) 15... g6 16. Qd2 $2 ({But not} 16. bxa4 Bd7 $17) (16. d5) 16... axb3 $19 17. axb3 Qa5 18. Rhe1 b5 19. Qb2 bxc4 20. bxc4 Ba6 21. Kb1 (21. Kd2 $142 b3+ 22. Ke2) 21... d5 22. Nd2 (22. c5 $142 Bxd3+ 23. Rxd3) 22... dxc4 23. Nxc4 Qc7 (23... Bxc4 $2 24. Bxc4 Nd5 25. Re5 $19) 24. Ne3 Bxd3+ 25. Rxd3 Ne4 26. Nd5 {[#]} Qc4 $1 {[%csl LRd3,LRd5][%mdl 576] Double Attack} 27. Rde3 Qxd5 (27... Nc3+ $142 28. Nxc3 bxc3 29. Rxc3 Qxd4) 28. Rxe4 b3 29. Re5 Qc4 30. R5e3 Rfb8 31. Rc1 Qd5 32. Rc5 Qh1+ 33. Rc1 Qd5 (33... Qb7 $142 34. Rce1 Qd5) 34. Rc5 $1 {[%cal Rc5d5]} Qd6 35. Rxb3 Rxb3 36. Qxb3 Qxd4 {[%mdl 4096] Endgame KQR-KQR} 37. Qc3 Qd1+ 38. Kb2 Qe2+ 39. Kc1 Qf1+ 40. Kb2 Qxf2+ 41. Kb1 Qf1+ 42. Kb2 Qg2+ 43. Kc1 Qf1+ 44. Kb2 {If only White now had time for Rc8+....} Rb8+ 45. Kc2 Qb1+ 46. Kd2 Rd8+ 47. Ke3 Qf1 48. Ke4 Re8+ 49. Kd5 Qd1+ 50. Kc4 Re4+ 51. Kb5 Qa4+ 52. Kb6 Re6+ 53. Rc6 Qxc6+ 54. Qxc6 Rxc6+ 55. Kxc6 {K3P-KPP} Kg7 56. Kd6 Kf6 57. h4 h6 58. Kd5 h5 59. Ke4 hxg4 60. Kf4 {[#]} Kg7 (60... g3 $1 $19 61. Kf3 (61. Kxg3 Kf5) 61... Ke5 62. Kxg3 f5 63. Kf2 f4 64. Kf3 Kf5 65. h5 gxh5 66. Kg2 Ke4 67. Kh2 f3 68. Kh3 Ke3 69. Kh4 f2 70. Kg5 f1=Q 71. Kg6 h4 72. Kg7 h3 73. Kg8 h2 74. Kg7 h1=Q 75. Kg6 Qhg1+ 76. Kh7 Qh3#) 61. Kxg4 Kh6 {Accuracy: White = 38%, Black = 70%.} 0-1

[Event "FIDE Chesscom Grand Swiss 2019"]
[Site "Douglas-Isle of Man"]
[Date "2019.10.21"]
[Round "11.25"]
[White "Akopian, Vladimir"]
[Black "Korobov, Anton"]
[Result "1/2-1/2"]
[WhiteElo "2638"]
[BlackElo "2679"]
[Annotator "TA"]
[PlyCount "60"]
[EventDate "2019.10.10"]
[EventType "swiss"]
[EventCountry "GBR"]
[SourceTitle "playchess.com"]
[Source "ChessBase"]
[SourceQuality "1"]

{[%evp 24,60,22,29,25,27,29,19,27,32,44,44,56,45,52,58,61,44,44,44,68,68,75,68,68,68,71,68,81,85,83,0,96,0,94,0,84,0,95]} 1. e4 c5 2. Nf3 d6 3. d4 cxd4 4. Nxd4 Nf6 5. Nc3 a6 6. Be3 e5 7. Nf3 Qc7 8. a4 Be7 9. a5 Nbd7 10. Be2 O-O 11. O-O b5 12. axb6 Nxb6 13. Nd2 Bb7 {B90: Sicilian Najdorf: Unusual White 6th moves, 6 Be3 Ng4 and 6 Be3 e5} (13... a5 14. Nb5 Qb8 15. c4 Be6 16. Qb3 Rc8 17. Rfc1 Bd8 18. Qd1 Nbd7 19. f3 Bb6 20. Nf1 Ne8 21. Rc3 {½-½ (41) Aronian,L (2763)-Naiditsch,A (2695) Karlsruhe/Baden Baden 2019}) 14. Bxb6 Qxb6 15. Nc4 Qc5 16. Ra5 Qc7 17. Qd3 Rfd8 18. Bf3 Rac8 19. b3 {[#]} g6 $146 ({Predecessor:} 19... Rd7 20. Ra2 g6 21. Rd1 {½-½ (83) Delchev,A (2600)-Gallagher,J (2509) Lugano 2007}) 20. g3 h5 21. h4 Bf8 22. Rd1 Kh7 23. Qe2 Re8 24. Bg2 Rcd8 25. Ra4 Bh6 26. Na5 Ba8 27. Nc4 Bb7 28. Na5 Ba8 $1 29. Nc4 Bb7 30. Na5 Ba8 $1 {Accuracy: White = 49%, Black = 64%.} 1/2-1/2

[Event "FIDE Chesscom Grand Swiss 2019"]
[Site "Douglas-Isle of Man"]
[Date "2019.10.21"]
[Round "11.25"]
[White "Bachmann, Axel"]
[Black "Munguntuul, Batkhuyag"]
[Result "1/2-1/2"]
[WhiteElo "2629"]
[BlackElo "2421"]
[Annotator "TA"]
[PlyCount "138"]
[EventDate "2019.10.10"]
[EventType "swiss"]
[EventCountry "GBR"]
[SourceTitle "playchess.com"]
[Source "ChessBase"]
[SourceQuality "1"]

{[%evp 13,138,5,9,-17,-27,-51,-6,0,0,0,0,0,0,-19,0,-7,54,52,139,135,154,177,175,48,47,33,53,0,54,68,62,62,91,66,75,62,88,64,71,85,79,79,75,72,141,166,150,116,120,127,132,129,285,262,264,264,292,291,434,417,409,423,381,273,610,194,192,115,176,174,158,0,0,0,0,0,0,0,0,-243,-244,-241,-243,-219,-201,-102,0,-238,-218,-275,-270,-271,-283,-275,-255,-241,-241,-230,-80,-87,-79,-94,-75,-120,0,0,0,0,0,0,0,0,0,0,0,0,0,0,0,0,0,0,0,0,0,0,0]} 1. Nf3 d5 2. e3 Nf6 3. c4 e6 4. b3 Bd6 5. Bb2 O-O 6. Nc3 Nbd7 7. Qc2 c6 8. Rg1 {A11: English Opening: 1...c6} (8. Be2 Qe7 9. O-O b6 10. cxd5 cxd5 11. Nb5 Ba6 12. Qd1 Bxb5 13. Bxb5 a6 14. Be2 Ba3 15. Qc1 Bxb2 16. Qxb2 {½-½ (33) Ivanchuk,V (2728)-Duda,J (2707) Tbilisi 2017}) 8... e5 9. cxd5 Nxd5 10. Ne4 Qe7 11. Nxd6 Qxd6 12. g4 Re8 13. a3 e4 14. Nd4 $1 Ne5 $146 ({Black should try} 14... Qxh2 $11 15. Rg2 Qh1) ({Predecessor:} 14... N7f6 15. g5 Ng4 {½-½ (31) Ventura Bolet,M (1957)-Shatko,D (2125) Mollet del Valles 2011}) 15. Qxe4 $14 Nf6 (15... Nf4 $14) 16. Qg2 $16 c5 17. Nf5 Qb6 18. Bxe5 (18. Nxg7 $1 $18 Kxg7 19. Qg3 Nexg4 20. h3 {[%mdl 64] Pin}) 18... Rxe5 $14 19. Bc4 (19. Qg3 $5 {[%cal Rg3e5]} Re8 20. Qh4 $14) 19... Bd7 20. Qf3 (20. Qg3 $14 Ree8 21. Qh4) 20... Rae8 ({Better is} 20... Kh8 $11) 21. Nxg7 Kxg7 22. g5 Nd5 23. Bxd5 Rf5 24. Qg2 Ree5 $1 {[%cal Re5d5]} 25. Bc4 {Threatens to win with 0-0-0.} Rxg5 26. Qxg5+ Rxg5 27. Rxg5+ Kf8 28. Ke2 Qh6 (28... Qd6 $142) 29. Rag1 $16 Qxh2 30. R1g2 Qh1 31. Rg7 Be8 32. R2g5 $36 {[%mdl 2048] Black must now prevent Rg8+. White is on the roll.} Qh2 $2 (32... f5 $16) 33. Rg8+ $18 Ke7 34. Rxc5 b6 35. Rcg5 Qd6 (35... Bd7 $142 36. R8g7 Be6 37. Bxe6 Kxe6) 36. f4 Bd7 37. Re5+ Kf6 38. Rd5 Qc6 $2 (38... Qe6 39. f5 Qe7) 39. Rh5 $2 (39. e4) 39... Bf5 40. a4 (40. Rgg5 $18 Bg6 41. Rh2) 40... Qd7 (40... Bg6 $16 {is a better defense.} 41. Rd5 Be4) 41. Rhg5 Bg6 42. d3 $2 (42. R5xg6+ $16 hxg6 43. Rf8 Qg4+ 44. Kd3) 42... Qh3 $11 43. e4 Qh2+ 44. Ke3 Qh3+ 45. Kd4 {Bb5 is the strong threat.} Qf3 46. e5+ $2 (46. Rb5 $11 {and White is okay.} Qf2+ 47. Kc3 (47. Kd5 $2 a6 $19)) 46... Ke7 $19 47. Bb5 {[%csl Gb5][%cal Rg8e8]} Qxf4+ {[%mdl 64] Double Attack} 48. Kd5 {[%csl Gb5][%cal Rg8e8]} Qf3+ 49. Kd4 {[%csl Gb5][%cal Rg8e8]} Qf4+ (49... Qf2+ $1 $17 50. Kc3 f6 51. R5xg6 hxg6 52. Re8+ Kf7 53. e6+ Kg7) 50. Kd5 {[%csl Gb5][%cal Rg8e8] [#]} f6 $1 {[%cal Rf6g5]} 51. exf6+ Kf7 52. Rg7+ Kxf6 53. R5xg6+ hxg6 54. Rxa7 {[%mdl 4096] Endgame [#] KQ-KRB} g5 $1 {[%cal Rg5g4]} 55. Ra6 Qe3 (55... Qc7 $19 {is more deadly. Hoping for ...g4.} 56. d4 g4) 56. Kc6 $17 g4 {Strongly threatening ...g3.} 57. Kb7 g3 58. Bc6 Ke7 (58... Qe7+ $17 59. Kxb6 Ke5 60. Ra5+ Kd4) 59. Rxb6 $11 {The position is equal.} Qf2 60. b4 g2 {[#]} 61. Bxg2 $1 {[%mdl 512]} Qxg2+ {KQ-KR} 62. Ka7 Kd7 63. a5 Kc7 64. b5 Qf2 65. Ka8 Qxb6 66. axb6+ Kxb6 67. d4 Kxb5 68. d5 Kc5 69. d6 {White threatens d7 and mate.} Kxd6 {Accuracy: White = 64%, Black = 45%.} 1/2-1/2